LEADER 01309nam0 22003373i 450 001 SBL0373936 005 20251003044353.0 020 $aIT$b711660 100 $a20020227d1970 ||||0itac50 ba 101 | $aita 102 $ait 181 1$6z01$ai $bxxxe 182 1$6z01$an 183 1$6z01$anc$2RDAcarrier 200 1 $aCorso di oleodinamica$fA. Bucciarelli, H. Speich 205 $a2. ed. riveduta ed aggiornata 210 $aMilano$cTecniche nuove$dstampa1970 215 $a123 p.$cill.$d30 cm$e1 errata corrige 606 $aOleodinamica$2FIR$3SBLC003013$9E 676 $a532$9MECCANICA DEI FLUIDI. MECCANICA DEI LIQUIDI$v14 676 $a532.5$9$v22 700 1$aBucciarelli$b, Aurelio$3SBLV038149$4070$0556619 701 1$aSpeich$b, Hanno$3SBLV038148$4070$030606 801 3$aIT$bIT-000000$c20020227 850 $aIT-BN0095 901 $bNAP 01$cSPECIALI $nComprende edizioni speciali in tiratura limitata 912 $aSBL0373936 950 0$aBiblioteca Centralizzata di Ateneo$b1 v. + 1 errata corrige$c1 v. + 1 errata corrige$d 01SPECIALI 532 BUC.co$e 0102 0000055825 VMA (2. ed. riv. 1 v. + 1 errata corrige$fB $h20050118$i20170705 977 $a 01 996 $aCorso di oleodinamica$91486122 997 $aUNISANNIO